Statystyki dla Nazwy Geograficzne na A.

Kliknij tutaj aby rozwiązać quiz!

Ogólne statystyki

  • Ten quiz został rozwiązany 47 razy
  • Średni wynik to 18 z 57

Statystyki odpowiedzi

HintOdpowiedź% Poprawnych
Kontynent
Kraj
Australia
90%
Kraj
Miasto
Stolica
Andora
86%
KontynentAzja
86%
KontynentAmeryka Północna
81%
KontynentAmeryka Południowa
81%
KontynentAfryka
79%
KrajAlbania
79%
KrajAustria
79%
KrajArgentyna
71%
TerytoriumAntarktyda
67%
KrajArmenia
64%
KrajAzerbejdżan
62%
TerytoriumAntigua
52%
KrajAntigua i Barbuda
52%
RzekaAmazonka
50%
KrajAfganistan
48%
Stan
Rzeka
Alabama
48%
KrajAngola
48%
KrajArabia Saudyjska
45%
Miasto
Stolica
Algier
43%
KrajAlgieria
43%
StanArizona
40%
TerytoriumArktyka
40%
Miasto
Stolica
Amsterdam
38%
Miasto
Stolica
Ankara
38%
GóraAlpy
36%
TerytoriumAnglia
36%
Stan
Rzeka
Arkansas
29%
RzekaAmur
24%
Miasto
Stolica
Antananarywa
24%
Miasto
Stolica
Ateny
24%
Miasto
Stolica
Asunción
19%
PustyniaAtakama
19%
KontynentAmeryka Środkowa
17%
TerytoriumAmazonia
14%
TerytoriumAruba
12%
GóraAtlas
12%
Terytorium SporneAbchazja
10%
Miasto
Stolica
Amman
10%
Miasto
Stolica
Akra
7%
Miasto
Stolica
Abudża
5%
RzekaAmu-Daria
5%
TerytoriumAnguilla
5%
TerytoriumAntyle Holenderskie
5%
Miasto
Stolica
Abidżan
2%
Miasto
Stolica
Abu Zabi
2%
MiastoAdelaide
2%
RzekaArno
2%
Miasto
Stolica
Addis Ababa
0%
RzekaAdyga
0%
MiastoAleksandria
0%
MiastoAleppo
0%
Miasto
Stolica
Al-Ujun
0%
RzekaAraks
0%
RzekaArauca
0%
Miasto
Stolica
Asmara
0%
ProwincjaAustralijskie Terytorium Stołeczne
0%

Rozkład punktacji

Percentyl według liczby udzielonych odpowiedzi

Procent ludzi z każdym wynikiem

Twoja historia wyników

Nie rozwiązałeś tego quizu